भोजपुरी कहानी साहित्य की युगीन चेतना (Record no. 8065)

MARC details
000 -LEADER
fixed length control field 01127 a2200205 4500
005 - DATE AND TIME OF LATEST TRANSACTION
control field 2008092209229.0
008 - FIXED-LENGTH DATA ELEMENTS--GENERAL INFORMATION
fixed length control field 080922t xxu||||| |||| 00| 0 hin d
010 ## - LCCN (DPL NO)
LC control number HIN-81214
020 ## - INTERNATIONAL STANDARD BOOK NUMBER
International Standard Book Number 8186425446
Terms of availability 200.00
035 ## - SYSTEM CONTROL NUMBER
System control number HN-53560
037 ## - SOURCE OF ACQUISITION
Source of stock number/acquisition D.B.Act / Pub
082 ## - DEWEY DECIMAL CLASSIFICATION NUMBER
Classification number 823.08
100 ## - MAIN ENTRY--PERSONAL NAME
Personal name महामाया प्रसाद विनोद
245 ## - TITLE STATEMENT
Title भोजपुरी कहानी साहित्य की युगीन चेतना
Statement of responsibility, etc महामाया प्रसाद विनोद
260 ## - PUBLICATION, DISTRIBUTION, ETC. (IMPRINT)
Place of publication, distribution, etc नई दिल्ली
Name of publisher, distributor, etc कॉनफ्लुएंस इंटरनेशनल
Date of publication, distribution, etc 2007
270 ## - ADDRESS
Address 203 / ई -588 , ग्रेटर कैलाश-11
City नई दिल्ली
Postal code 110048
Telephone number 911129216832
Electronic mail address confluence@connectgroup.in
300 ## - PHYSICAL DESCRIPTION
Extent 152पृ.
Dimensions 23सेमी(सजिल्द)
942 ## - ADDED ENTRY ELEMENTS (KOHA)
Institution code [OBSOLETE] dpl
Item type Hindi Books
Call number prefix 823.08 / महामा
Source of classification or shelving scheme Dewey Decimal Classification
Classification part 823.08
Call number suffix महामा
Holdings
Withdrawn status Lost status Source of classification or shelving scheme Damaged status Not for loan Home library Current library Date acquired Cost, normal purchase price Total Checkouts Full call number Barcode Date last seen Copy number Cost, replacement price Koha item type
    Dewey Decimal Classification     D.B.Act.Division D.B.Act.Division 22/09/2008 200.00   823.08 महामा HN-53560 15/09/2008 1 200.00 Hindi Books

© Delhi Public Library
Hit Counter
free hit counter